<?xml version="1.0" encoding="UTF-8"?>
<record
    xmlns:xsi="http://www.w3.org/2001/XMLSchema-instance"
    xsi:schemaLocation="http://www.loc.gov/MARC21/slim http://www.loc.gov/standards/marcxml/schema/MARC21slim.xsd"
    xmlns="http://www.loc.gov/MARC21/slim">

  <leader>02230nam0a22003131  4500</leader>
  <controlfield tag="001">v19\rc\1226014</controlfield>
  <controlfield tag="005">20260405135821.0</controlfield>
  <datafield tag="035" ind1=" " ind2=" ">
    <subfield code="a">(NLR Aleph) 005187904</subfield>
  </datafield>
  <datafield tag="090" ind1=" " ind2=" ">
    <subfield code="a">5183021</subfield>
    <subfield code="c">5183021</subfield>
  </datafield>
  <datafield tag="100" ind1=" " ind2=" ">
    <subfield code="a">20060306e18411841|||y0rusy50      ca</subfield>
  </datafield>
  <datafield tag="101" ind1="0" ind2=" ">
    <subfield code="a">rus</subfield>
  </datafield>
  <datafield tag="102" ind1=" " ind2=" ">
    <subfield code="a">RU</subfield>
  </datafield>
  <datafield tag="105" ind1=" " ind2=" ">
    <subfield code="a">y   z   |||||</subfield>
  </datafield>
  <datafield tag="200" ind1="1" ind2=" ">
    <subfield code="a">&#x421;&#x442;&#x430;&#x440;&#x438;&#x43D;&#x430; &#x43C;&#x43E;&#x440;&#x441;&#x43A;&#x430;&#x44F; &#x438; &#x437;&#x430;&#x43C;&#x43E;&#x440;&#x441;&#x43A;&#x430;&#x44F;</subfield>
  </datafield>
  <datafield tag="210" ind1=" " ind2=" ">
    <subfield code="d">1841</subfield>
    <subfield code="a">&#x411;. &#x43C;.</subfield>
  </datafield>
  <datafield tag="215" ind1=" " ind2=" ">
    <subfield code="d">17</subfield>
  </datafield>
  <datafield tag="300" ind1=" " ind2=" ">
    <subfield code="a">&#x41D;&#x430; &#x43F;&#x435;&#x440;&#x435;&#x43F;&#x43B;&#x435;&#x442;&#x435;: &#x417;&#x430;&#x43F;&#x438;&#x441;&#x43A;&#x438; &#x421;. &#x411;&#x443;&#x440;&#x430;&#x447;&#x43A;&#x430; &#x438; &#x411;&#x443;&#x440;&#x445;&#x430;&#x43D;&#x43E;&#x432;&#x441;&#x43A;&#x43E;&#x433;&#x43E;</subfield>
  </datafield>
  <datafield tag="311" ind1=" " ind2=" ">
    <subfield code="a">&#x41E;&#x442;&#x442;. &#x438;&#x437;: &#x416;&#x443;&#x440;&#x43D;. &#x434;&#x43B;&#x44F; &#x447;&#x442;&#x435;&#x43D;&#x438;&#x44F; &#x432;&#x43E;&#x441;&#x43F;&#x438;&#x442;&#x430;&#x43D;&#x43D;&#x438;&#x43A;&#x430;&#x43C; &#x432;&#x43E;&#x435;&#x43D;.-&#x443;&#x447;&#x435;&#x431;. &#x437;&#x430;&#x432;&#x435;&#x434;&#x435;&#x43D;&#x438;&#x439;. 1841. &#x422;. 30. &#x2116; 120. &#x421;. 233-261</subfield>
  </datafield>
  <datafield tag="316" ind1=" " ind2=" ">
    <subfield code="a">&#x42D;&#x43A;&#x437;. &#x420;&#x41D;&#x411; (&#x412;80/&#x411;-2/2(&#x430;&#x43B;&#x43B;. 1)): &#x43F;&#x440;&#x438;&#x43F;&#x43B;&#x435;&#x442;&#x435;&#x43D;&#x43E;: &#x420;&#x44B;&#x43A;&#x430;&#x447;&#x435;&#x432;, &#x41D;. &#x42D;&#x43F;&#x438;&#x437;&#x43E;&#x434; &#x440;&#x443;&#x441;&#x441;&#x43A;&#x43E;&#x433;&#x43E; &#x43A;&#x440;&#x435;&#x439;&#x441;&#x435;&#x440;&#x441;&#x442;&#x432;&#x430; &#x43D;&#x430; &#x410;&#x434;&#x440;&#x438;&#x430;&#x442;&#x438;&#x447;&#x435;&#x441;&#x43A;&#x43E;&#x43C; &#x43C;&#x43E;&#x440;&#x435;. &#x41A;&#x440;&#x43E;&#x43D;&#x448;&#x442;&#x430;&#x434;&#x442;, 1879</subfield>
    <subfield code="5">NLR: &#x412;80/&#x411;-2/2(&#x430;&#x43B;&#x43B;. 1)</subfield>
  </datafield>
  <datafield tag="481" ind1=" " ind2="0">
    <subfield code="1">001v19\rc\1544043</subfield>
    <subfield code="9">5647770</subfield>
    <subfield code="a">&#x420;&#x44B;&#x43A;&#x430;&#x447;&#x435;&#x432;, &#x41D;. &#x410;. (1832-1891)</subfield>
    <subfield code="c">&#x41A;&#x440;&#x43E;&#x43D;&#x448;&#x442;&#x430;&#x434;&#x442;</subfield>
    <subfield code="d">&#x446;&#x435;&#x43D;&#x437;. 1879</subfield>
    <subfield code="n">&#x442;&#x438;&#x43F;. "&#x41A;&#x440;&#x43E;&#x43D;&#x448;&#x442;&#x430;&#x434;&#x442;. &#x432;&#x435;&#x441;&#x442;&#x43D;."</subfield>
    <subfield code="o">(&#x418;&#x441;&#x442;. &#x43E;&#x447;&#x435;&#x440;&#x43A;)</subfield>
    <subfield code="p">36 &#x441;.</subfield>
    <subfield code="t">&#x42D;&#x43F;&#x438;&#x437;&#x43E;&#x434; &#x440;&#x443;&#x441;&#x441;&#x43A;&#x43E;&#x433;&#x43E; &#x43A;&#x440;&#x435;&#x439;&#x441;&#x435;&#x440;&#x441;&#x442;&#x432;&#x430; &#x43D;&#x430; &#x410;&#x434;&#x440;&#x438;&#x430;&#x442;&#x438;&#x447;&#x435;&#x441;&#x43A;&#x43E;&#x43C; &#x43C;&#x43E;&#x440;&#x435;</subfield>
  </datafield>
  <datafield tag="482" ind1=" " ind2="0">
    <subfield code="1">2001#$a&#x42D;&#x43F;&#x438;&#x437;&#x43E;&#x434; &#x440;&#x443;&#x441;&#x441;&#x43A;&#x43E;&#x433;&#x43E; &#x43A;&#x440;&#x435;&#x439;&#x441;&#x435;&#x440;&#x441;&#x442;&#x432;&#x430; &#x43D;&#x430; &#x410;&#x434;&#x440;&#x438;&#x430;&#x442;&#x438;&#x447;&#x435;&#x441;&#x43A;&#x43E;&#x43C; &#x43C;&#x43E;&#x440;&#x435;</subfield>
    <subfield code="1">210##$a&#x41A;&#x440;&#x43E;&#x43D;&#x448;&#x442;&#x430;&#x434;&#x442;$d1879</subfield>
    <subfield code="1">700#1$3RU\NLR\AUTH\7756247$7ca$a&#x420;&#x44B;&#x43A;&#x430;&#x447;&#x435;&#x432;$b&#x41D;. &#x410;.$f1832-1891$g&#x41D;&#x438;&#x43A;&#x43E;&#x43B;&#x430;&#x439; &#x410;&#x43B;&#x435;&#x43A;&#x441;&#x430;&#x43D;&#x434;&#x440;&#x43E;&#x432;&#x438;&#x447;</subfield>
    <subfield code="t">&#x42D;&#x43F;&#x438;&#x437;&#x43E;&#x434; &#x440;&#x443;&#x441;&#x441;&#x43A;&#x43E;&#x433;&#x43E; &#x43A;&#x440;&#x435;&#x439;&#x441;&#x435;&#x440;&#x441;&#x442;&#x432;&#x430; &#x43D;&#x430; &#x410;&#x434;&#x440;&#x438;&#x430;&#x442;&#x438;&#x447;&#x435;&#x441;&#x43A;&#x43E;&#x43C; &#x43C;&#x43E;&#x440;&#x435;</subfield>
    <subfield code="a">&#x420;&#x44B;&#x43A;&#x430;&#x447;&#x435;&#x432;, &#x41D;&#x438;&#x43A;&#x43E;&#x43B;&#x430;&#x439; &#x410;&#x43B;&#x435;&#x43A;&#x441;&#x430;&#x43D;&#x434;&#x440;&#x43E;&#x432;&#x438;&#x447; (1832-1891)</subfield>
  </datafield>
  <datafield tag="488" ind1=" " ind2="0">
    <subfield code="1">2001#$a&#x416;&#x443;&#x440;&#x43D;&#x430;&#x43B; &#x434;&#x43B;&#x44F; &#x447;&#x442;&#x435;&#x43D;&#x438;&#x44F; &#x432;&#x43E;&#x441;&#x43F;&#x438;&#x442;&#x430;&#x43D;&#x43D;&#x438;&#x43A;&#x430;&#x43C; &#x432;&#x43E;&#x435;&#x43D;&#x43D;&#x43E;-&#x443;&#x447;&#x435;&#x431;&#x43D;&#x44B;&#x445; &#x437;&#x430;&#x432;&#x435;&#x434;&#x435;&#x43D;&#x438;&#x439;$v1841, &#x442;. 30, &#x2116; 120</subfield>
    <subfield code="1">215##$a&#x421;. 233-261</subfield>
    <subfield code="t">&#x416;&#x443;&#x440;&#x43D;&#x430;&#x43B; &#x434;&#x43B;&#x44F; &#x447;&#x442;&#x435;&#x43D;&#x438;&#x44F; &#x432;&#x43E;&#x441;&#x43F;&#x438;&#x442;&#x430;&#x43D;&#x43D;&#x438;&#x43A;&#x430;&#x43C; &#x432;&#x43E;&#x435;&#x43D;&#x43D;&#x43E;-&#x443;&#x447;&#x435;&#x431;&#x43D;&#x44B;&#x445; &#x437;&#x430;&#x432;&#x435;&#x434;&#x435;&#x43D;&#x438;&#x439;</subfield>
  </datafield>
  <datafield tag="700" ind1=" " ind2="1">
    <subfield code="8">rus</subfield>
    <subfield code="7">ca</subfield>
    <subfield code="a">&#x411;&#x443;&#x440;&#x430;&#x447;&#x435;&#x43A;</subfield>
    <subfield code="b">&#x421;. &#x41E;.</subfield>
    <subfield code="f">1800-1876</subfield>
    <subfield code="g">&#x421;&#x442;&#x435;&#x43F;&#x430;&#x43D; &#x41E;&#x43D;&#x438;&#x441;&#x438;&#x43C;&#x43E;&#x432;&#x438;&#x447;</subfield>
    <subfield code="3">RU\NLR\AUTH\7756164</subfield>
    <subfield code="9">39096</subfield>
  </datafield>
  <datafield tag="801" ind1=" " ind2="2">
    <subfield code="a">RU</subfield>
    <subfield code="b">NLR</subfield>
    <subfield code="c">20060317</subfield>
    <subfield code="2">rusmarc</subfield>
  </datafield>
  <datafield tag="801" ind1=" " ind2="0">
    <subfield code="a">RU</subfield>
    <subfield code="b">NLR</subfield>
    <subfield code="c">20060306</subfield>
    <subfield code="g">psbo</subfield>
  </datafield>
  <datafield tag="801" ind1=" " ind2="1">
    <subfield code="a">RU</subfield>
    <subfield code="b">ProSoft-M</subfield>
    <subfield code="c">20060306</subfield>
    <subfield code="2">rusmarc</subfield>
  </datafield>
  <datafield tag="852" ind1=" " ind2=" ">
    <subfield code="a">NLR</subfield>
    <subfield code="j">&#x412;80/&#x411;-2/2</subfield>
  </datafield>
  <datafield tag="942" ind1=" " ind2=" ">
    <subfield code="c">BOOK</subfield>
  </datafield>
  <datafield tag="980" ind1=" " ind2=" ">
    <subfield code="a">NB</subfield>
  </datafield>
  <datafield tag="995" ind1=" " ind2=" ">
    <subfield code="5">2013-10-26</subfield>
    <subfield code="b">NLR02</subfield>
    <subfield code="c">NLR02</subfield>
    <subfield code="e">RFS</subfield>
    <subfield code="f">5187904-10</subfield>
    <subfield code="k">&#x412;80/&#x411;-2/2</subfield>
    <subfield code="o">0</subfield>
    <subfield code="r">BOOK</subfield>
    <subfield code="s">8022_</subfield>
  </datafield>
</record>
